[Event "ROM-ch U10"]
[Site "Calimanesti Caciulata"]
[Date "2019.04.19"]
[Round "6"]
[White "Furfurica, Alexandru"]
[Black "Radu, Mihai Alexandru"]
[Result "0-1"]
[WhiteElo "1095"]
[BlackElo "1122"]
[PlyCount "90"]
[EventDate "2019.04.15"]
[EventType "swiss"]
[EventRounds "9"]
[EventCountry "ROU"]
[SourceTitle "CBM 190 Extra"]
[Source "ChessBase"]
[SourceDate "2019.07.15"]
[SourceVersion "1"]
[SourceVersionDate "2019.07.15"]
[SourceQuality "1"]

1. Nf3 Nf6 2. g3 g6 3. Bg2 Bg7 4. 0-0 0-0 5. d3 d6 6. Nbd2 e5 7. e4 Ne8 8. b3 f5 9. exf5 e4 10. d4 exf3 11. Nxf3 Bxf5 12. Bb2 c5 13. dxc5 Bxb2 14. Rb1 Bf6 15. Nd4 dxc5 16. Nxf5 Qxd1 17. Rbxd1 gxf5 18. Bxb7 Nc7 19. Bxa8 Nxa8 20. Rd5 Bd4 21. c3 Nc7 22. Rd6 Bxc3 23. Rdd1 Nba6 24. Rd6 Be5 25. Rdd1 Nb4 26. Rc1 Bd4 27. a3 Na2 28. Rc2 Nc3 29. Re1 Ne4 30. Rec1 Nb5 31. b4 Nxa3 32. Ra2 cxb4 33. Raa1 Bxa1 34. Rxa1 Rb8 35. Kf1 b3 36. Rxa3 b2 37. Re3 b1Q+ 38. Re1 Nd2+ 39. Ke2 Qe4+ 40. Kxd2 Rd8+ 41. Kc3 Qc6+ 42. Kb4 Rd4+ 43. Ka3 Qb5 44. Re8+ Kf7 45. Re7+ Kxe7 0-1

[Event "ROM-ch U08"]
[Site "Calimanesti"]
[Date "2018.03.29"]
[Round "3"]
[White "Ivancescu, Bogdan Andrei"]
[Black "Radu, Mihai Alexandru"]
[Result "1-0"]
[WhiteElo "1248"]
[BlackElo "1107"]
[PlyCount "81"]
[EventDate "2018.03.27"]
[EventType "swiss"]
[EventRounds "9"]
[EventCountry "ROU"]
[SourceTitle "CBM 183 Extra"]
[Source "ChessBase"]
[SourceDate "2018.04.19"]
[SourceVersion "1"]
[SourceVersionDate "2018.04.19"]
[SourceQuality "1"]

1. e4 e6 2. f4 d5 3. e5 Qh4+ 4. g3 Qd8 5. Nf3 f6 6. Bg2 f5 7. 0-0 c6 8. Ng5 Bc5+ 9. d4 Bb6 10. Qh5+ g6 11. Qh3 Bxd4+ 12. Kh1 h6 13. Nf3 Bc5 14. Nh4 g5 15. Ng6 g4 16. Qh5 Rh7 17. Rd1 Rg7 18. c4 Kf7 19. cxd5 Rxg6 20. dxe6+ Bxe6 21. Rxd8 Ne7 22. Nc3 Bb6 23. Rd1 Nd7 24. b3 Nf8 25. Ba3 Ba5 26. b4 Bb6 27. b5 c5 28. Na4 Rc8 29. Bxb7 Rc7 30. Bc6 Nxc6 31. bxc6 Rxc6 32. Rd6 Rxd6 33. exd6 Kg7 34. Bxc5 Nd7 35. Nxb6 axb6 36. Bd4+ Kh7 37. Rc1 Bd5+ 38. Kg1 Rxd6 39. Qxf5+ Kg8 40. Rc8+ Nf8 41. Rxf8# 1-0

[Event "ROM-ch U08"]
[Site "Baile Felix"]
[Date "2017.02.08"]
[Round "8"]
[White "Radu, Mihai Alexandru"]
[Black "Gutanu, Bogdan Alexandru"]
[Result "0-1"]
[WhiteElo "1048"]
[BlackElo "1005"]
[PlyCount "25"]
[EventDate "2017.02.02"]
[EventType "swiss"]
[EventRounds "9"]
[EventCountry "ROU"]
[SourceTitle "CBM 176 Extra"]
[Source "ChessBase"]
[SourceDate "2017.03.02"]
[SourceVersion "1"]
[SourceVersionDate "2017.03.02"]
[SourceQuality "1"]

1. Nf3 Nc6 2. b3 e5 3. Bb2 d6 4. e3 Bg4 5. h3 Bxf3 6. Qxf3 Qd7 7. Bb5 0-0-0 8. Bxc6 Qxc6 9. Qg4+ Qd7 10. Qxd7+ Rxd7 11. d4 exd4 12. Bxd4 Re7 13. Kd2 0-1

[Event "ROM-ch U08"]
[Site "Baile Felix"]
[Date "2017.02.05"]
[Round "5"]
[White "Bar, Andrei Alecsandru"]
[Black "Radu, Mihai Alexandru"]
[Result "1-0"]
[WhiteElo "1177"]
[BlackElo "1048"]
[PlyCount "22"]
[EventDate "2017.02.02"]
[EventType "swiss"]
[EventRounds "9"]
[EventCountry "ROU"]
[SourceTitle "CBM 176 Extra"]
[Source "ChessBase"]
[SourceDate "2017.03.02"]
[SourceVersion "1"]
[SourceVersionDate "2017.03.02"]
[SourceQuality "1"]

1. d4 d5 2. Bf4 Bf5 3. e3 Nf6 4. Bd3 Bxd3 5. Qxd3 e6 6. Nf3 Bb4+ 7. Nc3 Bxc3+ 8. bxc3 0-0 9. 0-0 Nc6 10. Rfe1 Qd7 11. e4 dxe4 1-0

[Event "ROM-ch U08"]
[Site "Baile Felix"]
[Date "2017.02.02"]
[Round "1"]
[White "Ungureanu, Cristian"]
[Black "Radu, Mihai Alexandru"]
[Result "1-0"]
[WhiteElo "1001"]
[BlackElo "1048"]
[PlyCount "35"]
[EventDate "2017.02.02"]
[EventType "swiss"]
[EventRounds "9"]
[EventCountry "ROU"]
[SourceTitle "CBM 176 Extra"]
[Source "ChessBase"]
[SourceDate "2017.03.02"]
[SourceVersion "1"]
[SourceVersionDate "2017.03.02"]
[SourceQuality "1"]

1. e4 e5 2. Nf3 Nc6 3. Nc3 Nf6 4. Bb5 a6 5. Bxc6 bxc6 6. 0-0 Bb4 7. a3 Bxc3 8. dxc3 d6 9. Bg5 0-0 10. Bxf6 Qxf6 11. Qe2 c5 12. Rfe1 Bg4 13. h3 Bxf3 14. Qxf3 Qxf3 15. gxf3 Rfb8 16. b3 a5 17. Rab1 c6 18. Kf1 1-0

[Event "ROM-ch U08"]
[Site "Calimanesti Caciulata"]
[Date "2016.04.24"]
[Round "8"]
[White "Firuta, Rafael"]
[Black "Radu, Mihai Alexandru"]
[Result "1-0"]
[WhiteElo "1001"]
[BlackElo "1051"]
[PlyCount "77"]
[EventDate "2016.04.18"]
[EventType "swiss"]
[EventRounds "9"]
[EventCountry "ROU"]
[SourceTitle "CBM 172 Extra"]
[Source "ChessBase"]
[SourceDate "2016.06.21"]
[SourceVersion "1"]
[SourceVersionDate "2016.06.21"]
[SourceQuality "1"]

1. e4 e5 2. Nf3 Nc6 3. Bb5 h6 4. Bxc6 dxc6 5. Nxe5 Qd4 6. Nf3 Qxe4+ 7. Qe2 Qxe2+ 8. Kxe2 Nf6 9. Re1 Be7 10. Kf1 b6 11. d3 Be6 12. Ne5 0-0 13. Nxc6 Bd6 14. Nd4 Bf5 15. Nxf5 Bxh2 16. g3 Rfe8 17. Rxe8+ Rxe8 18. Kg2 Ng4 19. Bf4 Re2 20. Nc3 Rxf2+ 21. Kh3 Nf6 22. Be3 Rxc2 23. Rh1 Kh7 24. Rxh2 Rxh2+ 25. Kxh2 g5 26. Bd4 Nh5 27. Nb5 c5 28. Bc3 a6 29. Na3 b5 30. g4 Nf4 31. Bd2 b4 32. Nc2 Ne2 33. Kg2 Nf4+ 34. Kf3 Nh3 35. Ke4 Nf2+ 36. Ke3 Nxg4+ 37. Kf3 Ne5+ 38. Ke4 g4 39. Bc3 1-0

[Event "ROM-ch U08"]
[Site "Calimanesti Caciulata"]
[Date "2016.04.21"]
[Round "4"]
[White "Radu, Mihai Alexandru"]
[Black "Andrei, Radu Mihai"]
[Result "0-1"]
[WhiteElo "1051"]
[BlackElo "1001"]
[PlyCount "37"]
[EventDate "2016.04.18"]
[EventType "swiss"]
[EventRounds "9"]
[EventCountry "ROU"]
[SourceTitle "CBM 172 Extra"]
[Source "ChessBase"]
[SourceDate "2016.06.21"]
[SourceVersion "1"]
[SourceVersionDate "2016.06.21"]
[SourceQuality "1"]

1. b4 e5 2. Bb2 Nc6 3. a3 Nf6 4. e3 Be7 5. Nf3 d6 6. Be2 0-0 7. 0-0 Bg4 8. d3 Re8 9. h3 Bh5 10. g4 Bg6 11. Nbd2 Qd7 12. c4 Rad8 13. Qc2 d5 14. c5 d4 15. exd4 exd4 16. Qc4 a6 17. Ra2 b5 18. Qc2 Ra8 19. Re1 0-1